Tangled

Bibliographic Details
Other Authors: Storytime collection
Format: Book
Published: United Kingdom : Autumn Publishing , 2019
Subjects:

MARC

LEADER 00000cam a2200000 7i4500
001 0000087316
005 20230125155110.0
008 220123
020 |a 9781788109888 
041 0 |a English 
090 0 0 |a JP   |b CT ENG 
245 1 0 |a Tangled 
260 |a United Kingdom :   |b Autumn Publishing ,   |c 2019 
300 |a 61 p. :   |b ill., col. ;   |c 23.1 cm. 
500 |a Children age 4-6 years old (yellow) 
541 0 |c Purchased on 2021   |f 2021/11-23 SPI   |h RM51.90 
650 0 |a Children stories, English 
650 0 |a Classic tales 
700 1 |a Storytime collection 
999 |a 0001071091   |b Book   |c Children Collection   |e Cawangan Taman Universiti 
999 |a 0001670746   |b Book   |c Children Collection   |e Cawangan Urban Transformation Centre 
999 |a 0001670747   |b Book   |c Children Collection   |e Cawangan AEON Kulaijaya 
999 |a 0001671088   |b Book   |c Children Collection   |e Cawangan Bandar Tenggara 
999 |a 0001671090   |b Book   |c Children Collection   |e Cawangan Bandar Penawar 
999 |a 0001671092   |b Book   |c Children Collection   |e Cawangan Segamat 
999 |a 0001671093   |b Book   |c Children Collection   |e Cawangan Sri Merlong 
999 |a 0001671094   |b Book   |c Children Collection   |e Cawangan Kota Tinggi 
999 |a 0001671096   |b Book   |c Children Collection   |e Cawangan Batu Pahat 
999 |a 0001671097   |b Book   |c Children Collection   |e Cawangan Tmn. Ungku Tun Aminah 
999 |a 0001671098   |b Book   |c Children Collection   |e Cawangan Tangkak 
999 |a 0001671099   |b Book   |c Children Collection   |e Cawangan Pontian 
999 |a 0001671100   |b Book   |c Children Collection   |e Cawangan Bukit Gambir 
999 |a 0001671101   |b Book   |c Children Collection   |e Cawangan Mersing